| 000 | 00613nab a2200205 a 4500 | ||
|---|---|---|---|
| 005 | 20210219155115.0 | ||
| 008 | 991125s1985 mx 000 0 spa u | ||
| 035 | _aUPN01000138678 | ||
| 100 | 1 | _aGonzález Alvarez, Luz María de Guadalupe | |
| 222 | _aINNOVACION EDUCATIVA | ||
| 245 | _aEstabilidad del aprendizaje y formación de profesores en ciencias | ||
| 260 | _aMéxico | ||
| 300 | _a12-21 | ||
| 362 | 0 | _a2004 Vol. 4, no. 23, dic. | |
| 653 | 0 | _aFORMACION DOCENTE | |
| 653 | 0 | _aCIENCIAS NATURALES | |
| 653 | 0 | _aMATEMATICA | |
| 700 | 0 |
_aCastro Quilantán, José Luis, _ecoaut. |
|
| 905 | _aArticulo | ||
| 999 |
_c110826 _d110826 |
||